Countries Bordering Countries with Shorter Names - Statistics

General Stats
  • This quiz has been taken 108 times
  • The average score is 25 of 38
Answer Stats
# B # C COUNTRY % Correct
2 13 United States
97%
5 9 Argentina
93%
9 32 Democratic Republic of the Congo
93%
2 14 United Kingdom
93%
4 12 Turkmenistan
85%
2 13 Liechtenstein
84%
6 12 South Africa
84%
3 20 United Arab Emirates
82%
1 18 Dominican Republic
78%
1 16 Papua New Guinea
78%
3 22 Bosnia and Herzegovina
74%
3 10 Luxembourg
73%
3 9 Venezuela
73%
1 10 San Marino
72%
5 10 Azerbaijan
70%
2 8 Mongolia
70%
3 11 Netherlands
70%
1 8 Portugal
68%
2 10 Costa Rica
65%
2 11 El Salvador
65%
4 10 Mauritania
65%
2 7 Andorra
64%
1 12 Vatican City
64%
4 14 Czech Republic
62%
5 9 Macedonia
62%
2 10 Bangladesh
61%
3 7 Finland
59%
5 13 Cote d'Ivoire
57%
4 9 Lithuania
53%
1 10 East Timor
49%
3 8 Suriname
47%
2 17 Equatorial Guinea
45%
2 6 Bhutan
41%
2 12 Sierra Leone
39%
2 13 Guinea-Bissau
36%
2 7 Lebanon
36%
2 7 Estonia
32%
4 8 Slovenia
23%
No matching quizzes found
Score Distribution
Percent of People with Each Score
Percentile by Number Answered
Your Score History
You have not taken this quiz